000 00771cab a2200241 4500
001 WB2742-53
008 090401t1991 xxu||||| |||| 00| 0 eng d
035 _a(Sirsi) u27825
041 _aeng
245 _aTax discrimination hampering farm lets
260 _c1991
350 _a0
490 _aCLA Press Release
_v29 October 1991, (1)
520 _aCLA calls for Capital Gains Tax roll-over relief to be extended to let agricultural property to help create more agricultural tenancies.
650 _aPROPERTY-LANDLORD AND TENANT-TENANCIES-AGRICULTURAL TENANCIES
650 _aCAPITAL GAINS TAX
650 _aLANDLORD AND TENANT
_96252
650 _aROLLOVER RELIEF
690 _aRURAL PRACTICE
690 _aTAXATION
942 _n0
948 _c04/03/1997
999 _c18752
_d18752